00881nam a2200253Ia 4500008004100000020002200041050001000063050001500073100002600088245002900114245005000143245002900193260001900222260001500241260000900256300001700265300002400282300001100306650008100317650005400398650004200452999001900494952011400513160319s9999 xx 000 0 und d a9715693563 (pbk.) a634.9 bT161l 2000 aTan, Jose Ma. Lorenzo 4aThe last great forest :  bLuzon's Northern Sierra Madre Natural Park /  cby Jose Ma. Lorenzo Tan. aMakati City :  bBookmark,  c2004 a153 pages :  bill. (some col.) ;  c23 cm. aForest and forestry -- Environmental aspects -- Philippines -- Sierra Madre. aNorthern Sierra Madre Natural Park (Philippines). aRain forests -- Philippines -- Luzon. c292150d292150 001040aSSISBbSSISBcFILd2016-03-19l0oFil 634.9 T161l 2000pUS 0292r2016-03-19 00:00:00w2016-03-19yBK